| 000 | 00399nam a2200157 4500 | ||
|---|---|---|---|
| 999 |
_c1241 _d1241 |
||
| 008 | 200115b ||||| |||| 00| 0 eng d | ||
| 020 | _a0340192771 | ||
| 082 | 0 | 0 |
_a629.8 _bB9151 |
| 100 |
_9828 _aBryan, G. T. |
||
| 245 | 1 | 0 |
_aControl systems for technicians _cby G. T. Bryan |
| 250 | _a2nd ed. | ||
| 260 |
_aLondon _bEUP _c1971 |
||
| 300 | _a320 p. | ||
| 650 | 0 | _aAutomatic Control | |
| 942 |
_2ddc _cBK |
||